[Event "1st It"]
[Site "Klaksvik FAI"]
[Date "2002.10.12"]
[Round "1"]
[White "Blauert,J"]
[Black "Sloth,J"]
[Result "0-1"]
[WhiteElo "2418"]
[BlackElo "2340"]
[EventDate "2002.10.12"]

1. e4 e6 2. d4 d5 3. Nd2 c5 4. Ngf3 cxd4 5. exd5 Qxd5 6. Bc4 Qd6 7. O-O Nf6
8. Nb3 Nc6 9. Nbxd4 Nxd4 10. Qxd4 Qxd4 11. Nxd4 Bd7 12. b3 Bc5 13. Bb2 O-O
14. Rad1 Rad8 15. Be2 Rfe8 16. Nf3 Bc6 17. Ne5 Be4 18. Bd3 Bxd3 19. Nxd3
Bd4 20. Bxd4 Rxd4 21. Nc5 Rxd1 22. Rxd1 b6 23. Na6 Kf8 24. Kf1 Rc8 25. c4
Ke7 26. Ke2 g5 27. f3 Nd7 28. Ke3 h6 29. Kd4 Nc5 30. Nb4 Rd8+ 31. Nd5+ exd5
32. cxd5 Kd6 33. Rc1 Rc8 34. Rc3 Rc7 35. Re3 Nd7 36. Re8 Rc5 37. Rh8 Rxd5+
38. Kc3 Rc5+ 39. Kd2 Ra5 40. a4 Rd5+ 41. Kc3 Rc5+ 42. Kd2 a5 43. Rxh6+ f6
44. h4 Ke6 45. Rh7 gxh4 46. Rxh4 Rg5 47. g4 Rd5+ 48. Kc2 Rd4 49. Rh6 Rf4
50. g5 Rxf3 51. gxf6 Rxf6 52. Rh3 Kd5 53. Kc3 Rf4 54. Rh5+ Ne5 55. Rh6 Rf3+
56. Kc2 Kc5 57. Rh5 Re3 58. Kd2 Rd3+ 59. Kc2 Rd5 60. Kc3 Nc6 61. Rh3 Nb4
62. Rg3 Rf5 63. Rh3 Nd5+ 64. Kb2 Kb4 0-1

[Event "1st It"]
[Site "Klaksvik FAI"]
[Date "2002.10.12"]
[Round "1"]
[White "Nilssen,J"]
[Black "Olsen,H"]
[Result "1/2-1/2"]
[WhiteElo "2385"]
[BlackElo "2248"]
[EventDate "2002.10.12"]

1. d4 Nf6 2. c4 e6 3. Nc3 Bb4 4. g3 O-O 5. Bg2 d5 6. Nf3 dxc4 7. O-O Nc6 8.
Bg5 h6 9. Bxf6 Qxf6 10. e3 Rd8 11. Nd2 e5 12. Nd5 Rxd5 13. Bxd5 Bh3 14.
dxe5 Nxe5 15. Nxc4 Nxc4 16. Bxc4 Bxf1 1/2-1/2

[Event "1st It"]
[Site "Klaksvik FAI"]
[Date "2002.10.12"]
[Round "1"]
[White "Nolsoe,E"]
[Black "Pilgaard,K"]
[Result "1/2-1/2"]
[WhiteElo "2236"]
[BlackElo "2432"]
[EventDate "2002.10.12"]

1. e4 e5 2. Nf3 Nc6 3. d4 exd4 4. Nxd4 Qf6 5. Be3 Bc5 6. c3 Nge7 7. Bc4 Ne5
8. Be2 Qg6 9. O-O d6 10. Kh1 Qxe4 11. Nd2 Qg6 12. Nb5 O-O 13. Nxc7 Rb8 14.
Bxc5 dxc5 15. Nf3 Ng4 16. Nd5 Nxd5 17. Qxd5 Qb6 18. Qb3 Qc7 19. h3 Nf6 20.
Rad1 Bf5 21. c4 Be4 22. Ng5 Bc6 23. Qg3 Qxg3 24. fxg3 Rfe8 25. Bd3 h6 26.
Nf3 Re3 27. Kg1 Be4 28. Bxe4 Rxe4 29. b3 Re2 30. Rd2 Rxd2 31. Nxd2 Re8 32.
Kf2 Kf8 33. g4 Re6 34. Re1 Rd6 35. Ne4 Nxe4+ 36. Rxe4 Rd1 37. Re2 Rb1 38.
Kf3 a5 39. Ke4 Rd1 40. Kf3 b6 41. a4 Rf1+ 42. Kg3 Rf6 43. Re3 g5 44. Rf3
Rd6 45. Re3 Kg7 46. Kf3 Kf6 47. Ke2 Re6 48. g3 Rd6 49. Rf3+ Kg6 50. Re3 Kf6
51. Rf3+ Ke7 52. Re3+ Kf6 1/2-1/2

[Event "1st It"]
[Site "Klaksvik FAI"]
[Date "2002.10.13"]
[Round "2"]
[White "Sloth,J"]
[Black "Olsen,H"]
[Result "1/2-1/2"]
[WhiteElo "2340"]
[BlackElo "2248"]
[EventDate "2002.10.12"]

1. d4 Nf6 2. Nf3 e6 3. g3 d5 4. Bg2 Be7 5. O-O O-O 6. c4 dxc4 7. Qc2 a6 8.
Qxc4 b5 9. Qc2 Bb7 10. Bg5 Nc6 11. Rd1 Rc8 12. Nc3 Nb4 13. Qb3 Nbd5 14.
Bxf6 Nxf6 15. Ne5 Bxg2 16. Kxg2 c5 17. dxc5 Qc7 18. Nd3 Bxc5 19. Rdc1
1/2-1/2

[Event "1st It"]
[Site "Klaksvik FAI"]
[Date "2002.10.13"]
[Round "2"]
[White "Pilgaard,K"]
[Black "Nilssen,J"]
[Result "1-0"]
[WhiteElo "2432"]
[BlackElo "2385"]
[EventDate "2002.10.12"]

1. e4 c5 2. Nf3 Nc6 3. c3 d5 4. exd5 Qxd5 5. d4 Bg4 6. Be2 cxd4 7. cxd4 e6
8. Nc3 Qa5 9. O-O Nf6 10. h3 Bh5 11. Be3 Be7 12. Qb3 Qb4 13. g4 Qxb3 14.
axb3 Bg6 15. Ne5 O-O 16. g5 Nd5 17. Nxd5 exd5 18. Rfc1 Nxe5 19. dxe5 d4 20.
Bxd4 Bxg5 21. Rc7 Rfc8 22. Rxa7 Bf5 23. Rxa8 Rxa8 24. Bc4 Ra1+ 25. Kg2 Rd1
26. Bxf7+ Kh8 27. Bc3 Bd8 28. Rc4 Bd7 29. Bh5 Rd3 30. Be2 Rd5 31. Bf3 Rd3
32. Be4 1-0

[Event "1st It"]
[Site "Klaksvik FAI"]
[Date "2002.10.13"]
[Round "2"]
[White "Simonsen,O"]
[Black "Nolsoe,E"]
[Result "1-0"]
[WhiteElo "2239"]
[BlackElo "2236"]
[EventDate "2002.10.12"]

1. e4 c5 2. Nf3 d6 3. c3 Nf6 4. Be2 g6 5. O-O Bg7 6. Re1 O-O 7. Bf1 Nc6 8.
h3 e5 9. d4 h6 10. dxe5 Nxe5 11. Nxe5 dxe5 12. Qc2 Ne8 13. Nd2 Be6 14. Nc4
Bxc4 15. Bxc4 Nc7 16. Rd1 Qe7 17. Be3 Rfd8 18. b4 cxb4 19. cxb4 b6 20. Qb3
Ne8 21. b5 Rac8 22. Rac1 Nd6 23. Bd5 Rxc1 24. Rxc1 Kf8 25. Rc6 Rc8 26. Bd2
Rxc6 27. bxc6 Kg8 28. Bb4 Bf8 29. Qc3 Qe8 30. c7 Qc8 31. Qc6 Ne8 32. Qxg6+
Bg7 33. Bxf7+ Kh8 34. Bf8 1-0

[Event "1st It"]
[Site "Klaksvik FAI"]
[Date "2002.10.13"]
[Round "2"]
[White "Simonsen,H"]
[Black "Ahlander,B"]
[Result "0-1"]
[WhiteElo "2231"]
[BlackElo "2393"]
[EventDate "2002.10.12"]

1. e4 c5 2. c3 d5 3. exd5 Qxd5 4. d4 Nc6 5. Nf3 e6 6. Be2 cxd4 7. cxd4 Nf6
8. Nc3 Qd6 9. O-O Be7 10. Bg5 O-O 11. Qd2 Rd8 12. Rad1 a6 13. Bd3 b5 14.
Rfe1 Bb7 15. Bb1 Rac8 16. Re3 b4 17. Ne4 Nxe4 18. Rxe4 Bxg5 19. Qxg5 Qe7
20. Qh5 g6 21. Qh6 Qf8 22. Qg5 Rd5 23. Qe3 Qg7 24. Bd3 Ne7 25. Qe2 Rd6 26.
Re3 Nd5 27. Re4 Rcd8 28. Bc4 Qf6 29. Re5 Ne7 30. Ng5 Nc6 31. Ne4 Qxe5 0-1

[Event "1st It"]
[Site "Klaksvik FAI"]
[Date "2002.10.13"]
[Round "3"]
[White "Ahlander,B"]
[Black "Blauert,J"]
[Result "0-1"]
[WhiteElo "2393"]
[BlackElo "2418"]
[EventDate "2002.10.12"]

1. d4 d5 2. c4 e6 3. Nc3 c5 4. cxd5 exd5 5. Nf3 Nc6 6. g3 Nf6 7. Bg2 Be7 8.
O-O O-O 9. Bg5 cxd4 10. Nxd4 Re8 11. Qa4 Bd7 12. Rad1 h6 13. Be3 Nb4 14.
Qb3 a5 15. a4 Rc8 16. Ndb5 Be6 17. Bd4 Ne4 18. h4 Nc5 19. Qa3 Qd7 20. e4
Nc2 21. Qa2 Nxd4 22. exd5 Nxb5 23. dxe6 Qxe6 24. Qxe6 fxe6 25. axb5 Red8
26. Rfe1 Bf6 27. Ne4 Nxe4 28. Bxe4 Bd4 29. Rd2 Rc5 30. Red1 e5 31. Bxb7
Rxb5 32. Ba6 Rb4 33. Kg2 Rdb8 34. b3 Kf8 35. f4 Rxb3 36. fxe5 Bxe5 37. Bd3
a4 38. Rf1+ Bf6 39. g4 Rb2 40. Rdf2 Rxf2+ 41. Rxf2 Ke7 42. Rf4 Ra8 43. Bc4
a3 44. Rf2 Ra4 45. Re2+ Kd6 46. Be6 Be5 47. Ba2 Rxg4+ 48. Kf3 Rxh4 49. Rd2+
Rd4 50. Rc2 Rb4 51. Rd2+ Ke7 52. Rd5 Bb2 53. Ra5 Rd4 54. Ra6 Rd6 55. Ra7+
Kf6 56. Ke4 Rd4+ 57. Ke3 Rd1 58. Bb3 Rc1 59. Ra6+ Ke7 60. Ba2 h5 61. Kf4
Rc5 62. Ra7+ Kd6 63. Ra6+ Rc6 64. Ra5 Bc1+ 65. Ke4 g5 66. Bf7 h4 67. Kf3
Rc3+ 68. Kg4 Rg3+ 69. Kf5 h3 70. Ra6+ Kc5 71. Ra8 Kd4 72. Rc8 Bf4 73. Rc4+
Kd3 74. Ra4 Ke2 75. Bc4+ Kf2 76. Bd5 h2 77. Rc4 Re3 78. Kg4 Rg3+ 79. Kf5
Rg1 80. Rc3 h1=Q 81. Bxh1 Rxh1 82. Rxa3 Rg1 83. Ke4 Re1+ 84. Kf5 Re3 85.
Ra1 Re1 86. Ra3 Re3 87. Ra1 Kg3 88. Rg1+ Kh2 89. Ra1 Rg3 90. Ra2+ Rg2 91.
Ra8 Bd2 92. Rh8+ Kg3 0-1

[Event "1st It"]
[Site "Klaksvik FAI"]
[Date "2002.10.13"]
[Round "3"]
[White "Nolsoe,E"]
[Black "Simonsen,H"]
[Result "1-0"]
[WhiteElo "2236"]
[BlackElo "2231"]
[EventDate "2002.10.12"]

1. e4 e6 2. d4 d5 3. e5 c5 4. c3 Nc6 5. Nf3 Qb6 6. a3 Nh6 7. Bd3 cxd4 8.
cxd4 Bd7 9. Bc2 Nf5 10. Bxf5 exf5 11. O-O Be7 12. Nc3 Be6 13. b4 O-O 14.
Na4 Qd8 15. Nc5 b6 16. Nd3 Rc8 17. Bb2 Qd7 18. Rc1 Nb8 19. Qd2 Qb5 20. h4
a5 21. Bc3 Nc6 22. Ra1 axb4 23. axb4 Rc7 24. Ra3 Na5 25. Nb2 Rfc8 26. Rfa1
Nc4 27. Nxc4 Rxc4 28. Rb3 h6 29. g3 Qc6 30. b5 Qe8 31. Qb2 Ra8 32. Ra6 Qb8
33. Nd2 Ra4 34. Rxa4 Rxa4 35. Bb4 Bxb4 36. Rxb4 Qa7 37. Nb1 Ra2 38. Qb3 f4
39. gxf4 Re2 40. Ra4 Re1+ 41. Kg2 Qe7 42. Ra8+ Kh7 43. Qg3 Qb4 44. Qd3+ g6
45. Nc3 Qb2 46. f5 Bxf5 47. Nxd5 Rxe5 48. Nf6+ Kg7 49. dxe5 Qxe5 50. Rg8+
Kxf6 51. Qd8+ Qe7 52. Qxe7+ Kxe7 53. Rb8 Bd3 54. Rxb6 Kd8 55. Rd6+ 1-0

[Event "1st It"]
[Site "Klaksvik FAI"]
[Date "2002.10.13"]
[Round "3"]
[White "Olsen,H"]
[Black "Pilgaard,K"]
[Result "1/2-1/2"]
[WhiteElo "2248"]
[BlackElo "2432"]
[EventDate "2002.10.12"]

1. Nf3 Nf6 2. c4 e6 3. g3 d5 4. d4 dxc4 5. Bg2 a6 6. a4 Nc6 7. O-O Na5 8.
Nbd2 c6 9. Qc2 b5 10. b3 cxb3 11. Nxb3 Nxb3 12. Qxb3 Bb7 13. Ne5 Nd5 14.
Bb2 Bd6 15. Nd3 O-O 16. Rfc1 Nb6 17. axb5 axb5 18. Bxc6 Bxc6 19. Rxc6 Rxa1+
20. Bxa1 Qa8 21. Rxb6 1/2-1/2

[Event "1st It"]
[Site "Klaksvik FAI"]
[Date "2002.10.14"]
[Round "4"]
[White "Simonsen,O"]
[Black "Olsen,H"]
[Result "1-0"]
[WhiteElo "2239"]
[BlackElo "2248"]
[EventDate "2002.10.12"]

1. e4 c6 2. Nf3 d5 3. Nc3 Bg4 4. Be2 e6 5. O-O dxe4 6. Nxe4 Nd7 7. Re1 Be7
8. d3 Ngf6 9. Nd4 Bxe2 10. Qxe2 c5 11. Nf5 O-O 12. Nxe7+ Qxe7 13. Bg5 h6
14. Bh4 g5 15. Bg3 Nxe4 16. Qxe4 Nf6 17. Qf3 Rad8 18. Be5 Ne8 19. h4 f6 20.
Bc3 Ng7 21. hxg5 hxg5 22. Rad1 e5 23. d4 cxd4 24. Bxd4 b6 25. Bc3 Ne6 26.
g3 Kg7 27. Qf5 Rxd1 28. Rxd1 Rd8 29. Rxd8 Nxd8 30. Qc8 Nf7 31. Kf1 Nd8 32.
Qc4 Qd7 33. Ke2 Ne6 34. Qd3 Qc6 35. b3 e4 36. Qe3 Kg6 37. Kd2 f5 38. Kc1 f4
39. gxf4 gxf4 40. Qd2 Kf5 41. Kb2 Qb5 42. Qd1 e3 43. fxe3 Nc5 44. Kc1 Ne4
45. Qh5+ Ng5 46. exf4 Qf1+ 47. Kb2 Qxf4 48. Qh6 Kg4 49. Qg7 Qf7 50. Qd4+
Kf5 51. Qe5+ Kg6 52. a4 Ne6 53. a5 Nc5 54. axb6 axb6 55. Qd6+ Qe6 56. Qxe6+
Nxe6 57. Ka3 Kf5 58. Kb4 Nc7 59. Bd4 Nd5+ 60. Kb5 Ke6 61. c4 Ne7 62. Kxb6
Kd7 63. Kb7 Nc6 64. Bc3 Kd6 65. Kb6 Nb8 66. b4 Nd7+ 67. Kb5 Nb8 68. Bd4 Nc6
69. Bf2 Kc7 70. c5 Kb7 71. Kc4 Ne5+ 72. Kd5 Nd3 73. c6+ Kc7 74. Bg3+ 1-0

[Event "1st It"]
[Site "Klaksvik FAI"]
[Date "2002.10.14"]
[Round "4"]
[White "Blauert,J"]
[Black "Nolsoe,E"]
[Result "1/2-1/2"]
[WhiteElo "2418"]
[BlackElo "2236"]
[EventDate "2002.10.12"]

1. e4 c5 2. c3 d5 3. exd5 Qxd5 4. d4 Nc6 5. Nf3 Bg4 6. Be2 cxd4 7. cxd4 e6
8. Nc3 Qd6 9. O-O Nf6 10. h3 Bh5 11. Bg5 Be7 12. Bxf6 Bxf6 13. d5 exd5 14.
Ne4 Qe7 15. Qxd5 Bxf3 16. Nxf6+ Qxf6 17. Qxf3 O-O 18. Qxf6 gxf6 19. Rfd1
Rfd8 20. Rxd8+ Rxd8 21. Rd1 Kf8 22. Rxd8+ Nxd8 23. f4 Ne6 24. g3 Ke7 25.
Bd3 h6 26. Kf2 Ng7 27. Ke3 f5 28. Bc4 Ne6 29. g4 fxg4 30. hxg4 f5 31. Bd5
fxg4 32. Bxb7 h5 33. Be4 Kf6 34. b4 h4 35. a4 h3 36. a5 g3 37. b5 Nc5 38.
Bd5 g2 39. Kf2 Kf5 40. b6 axb6 41. axb6 Kxf4 42. Be6 Nd3+ 43. Kg1 Nc5 44.
Bxh3 Ke5 45. Bxg2 Kd6 46. b7 Nxb7 47. Bxb7 1/2-1/2

[Event "1st It"]
[Site "Klaksvik FAI"]
[Date "2002.10.14"]
[Round "4"]
[White "Sloth,J"]
[Black "Pilgaard,K"]
[Result "1/2-1/2"]
[WhiteElo "2340"]
[BlackElo "2432"]
[EventDate "2002.10.12"]

1. Nf3 f5 2. d4 Nf6 3. Bg5 e6 4. Nbd2 Be7 5. e3 d6 6. c3 Nbd7 7. Bd3 a5 8.
O-O h6 9. Bxf6 Nxf6 10. e4 fxe4 11. Nxe4 O-O 12. Nfd2 Nd5 13. g3 Bd7 14.
Qe2 Qe8 15. a3 b5 16. f4 Rb8 17. Rae1 Kh8 18. Bb1 Rg8 19. Qd3 g6 20. Nf3
Qf8 21. Qd2 Qg7 22. h4 Rgf8 23. Rf2 b4 24. axb4 axb4 25. c4 Nf6 26. Nxf6
Bxf6 27. Qd3 Rg8 28. g4 1/2-1/2

[Event "1st It"]
[Site "Klaksvik FAI"]
[Date "2002.10.14"]
[Round "4"]
[White "Simonsen,H"]
[Black "Nilssen,J"]
[Result "0-1"]
[WhiteElo "2231"]
[BlackElo "2385"]
[EventDate "2002.10.12"]

1. e4 c5 2. c3 e5 3. d4 exd4 4. cxd4 cxd4 5. Nf3 Nc6 6. Bc4 Bc5 7. O-O Nf6
8. e5 d5 9. exf6 dxc4 10. fxg7 Rg8 11. Bg5 Be7 12. Bxe7 Kxe7 13. Nbd2 Rxg7
14. Nxc4 Kf8 15. Re1 Qd5 16. Nce5 Bh3 17. g3 Re8 18. Nxc6 Rxe1+ 19. Qxe1
Qxc6 20. Qb4+ Kg8 21. Qxd4 Rg4 22. Qd8+ Kg7 23. Ne1 Re4 24. Qg5+ Kf8 25. f3
Qb6+ 26. Kh1 Re2 27. Rd1 Qd6 28. Nd3 Bg2+ 29. Kg1 Qd4+ 30. Nf2 Qxf2+ 0-1

[Event "1st It"]
[Site "Klaksvik FAI"]
[Date "2002.10.14"]
[Round "5"]
[White "Nolsoe,E"]
[Black "Jakobsen,O"]
[Result "0-1"]
[WhiteElo "2236"]
[BlackElo "2381"]
[EventDate "2002.10.12"]

1. e4 c5 2. Nf3 Nc6 3. d4 cxd4 4. Nxd4 Qc7 5. Nc3 e6 6. Be2 a6 7. O-O Nf6
8. Be3 b5 9. a3 Bb7 10. Nb3 d6 11. f4 Be7 12. Qd2 O-O 13. Bf3 Nd7 14. Qf2
Na5 15. Nxa5 Qxa5 16. Rfd1 Qc7 17. Rd2 Bc6 18. Rad1 Qb7 19. Nd5 Bxd5 20.
exd5 e5 21. f5 Bd8 22. Re1 Bb6 23. g4 f6 24. Bg2 Rac8 25. Bxb6 Qxb6 26. Bf1
Qxf2+ 27. Kxf2 Nb6 28. h3 Nc4 29. Bxc4 Rxc4 30. Re3 Rfc8 31. c3 Kf7 32.
Rde2 R8c5 33. Rd2 h5 34. Rg3 hxg4 35. Rxg4 Rxg4 36. hxg4 a5 37. Kg3 a4 38.
Kh4 g6 39. Kg3 Kg7 40. Kf3 Rc4 41. Rg2 Rc8 42. Re2 Kh6 43. Rh2+ Kg7 44. Re2
Rc5 45. Rd2 Rc4 46. Rg2 Rf4+ 47. Ke2 Kh6 48. Rh2+ Kg5 49. fxg6 Kxg6 50. Rh8
Rxg4 51. Kf3 Kf5 52. Rb8 e4+ 53. Kf2 Kf4 54. Re8 e3+ 55. Kf1 Kf3 0-1

[Event "1st It"]
[Site "Klaksvik FAI"]
[Date "2002.10.14"]
[Round "5"]
[White "Pilgaard,K"]
[Black "Simonsen,O"]
[Result "1-0"]
[WhiteElo "2432"]
[BlackElo "2239"]
[EventDate "2002.10.12"]

1. e4 e5 2. Nf3 Nc6 3. Bb5 Bc5 4. O-O Nge7 5. c3 Bb6 6. d4 exd4 7. cxd4 O-O
8. d5 Nb8 9. d6 cxd6 10. Nc3 d5 11. Nxd5 Nxd5 12. Qxd5 Qf6 13. e5 Qe6 14.
Qd3 Nc6 15. Bf4 Bc7 16. Rfe1 Qg6 17. Qa3 Re8 18. Bg3 h6 19. Bd3 Qe6 20.
Rac1 Bd8 21. Bc2 g6 22. Qe3 Kg7 23. a3 b5 24. Qc3 Bb7 25. Red1 Rc8 26. Qd3
Na5 27. Nd4 Qd5 28. Qf1 Qc4 29. Qe1 Qa2 30. Nxb5 Nc4 31. Bb1 Qxb2 32. Rxc4
Qxb5 33. Rb4 Qc6 34. Be4 d5 35. Bxd5 Qxd5 36. Rxd5 Bxd5 37. Rb1 Be7 38. a4
Rc4 39. Ra1 Bb4 40. Qe3 Bc5 41. Qd3 Bd4 42. Rd1 Rec8 43. h3 Rxa4 44. Kh2 a6
45. Qe2 Rc6 46. Qg4 Rcc4 47. Qd7 Be6 48. Qe7 Rab4 49. Qf6+ Kh7 50. Bf4 Bb6
51. Bg3 Bd4 52. h4 Bb6 53. Rd6 a5 54. Rxe6 fxe6 55. Qf7+ Kh8 56. Qxg6 a4
57. Qxh6+ Kg8 58. Qxe6+ Kh7 59. h5 Rg4 60. f3 Rg7 61. Qf5+ Kg8 62. h6 Bg1+
63. Kxg1 Rxg3 64. h7+ Kg7 65. h8=Q+ Kxh8 66. Qf8+ 1-0

[Event "1st It"]
[Site "Klaksvik FAI"]
[Date "2002.10.14"]
[Round "5"]
[White "Olsen,H"]
[Black "Simonsen,H"]
[Result "1/2-1/2"]
[WhiteElo "2248"]
[BlackElo "2231"]
[EventDate "2002.10.12"]

1. Nf3 Nc6 2. c4 e5 3. Nc3 g6 4. e3 Bg7 5. d4 d6 6. Be2 Bd7 7. b3 f5 8. Bb2
e4 9. Ng1 Nf6 10. h4 Qe7 11. Nh3 Nd8 12. Nf4 Ne6 13. Nfd5 Qf7 14. Qd2 O-O
15. g3 a6 16. Nxf6+ Qxf6 17. Nd5 Qf7 18. Kf1 Rad8 19. Kg2 h6 20. Rac1 Be8
21. Nf4 Nxf4+ 22. exf4 c5 23. Rcd1 Bc6 24. Qe3 h5 25. Rd2 b6 26. Rhd1 Qe7
27. Kh2 Bf6 28. Bf1 Kf7 29. Bc3 Rfe8 30. Kg1 Rg8 31. Be2 Bb7 32. Kf1 Bc6
33. Ke1 Rge8 34. Kf1 Kf8 35. Kg1 Kf7 1/2-1/2

[Event "1st It"]
[Site "Klaksvik FAI"]
[Date "2002.10.14"]
[Round "5"]
[White "Ahlander,B"]
[Black "Sloth,J"]
[Result "1/2-1/2"]
[WhiteElo "2393"]
[BlackElo "2340"]
[EventDate "2002.10.12"]

1. d4 e6 2. c4 b6 3. Nc3 Bb4 4. e4 Bb7 5. Bd3 f5 6. Nge2 fxe4 7. Bc2 Nf6 8.
O-O O-O 9. Bg5 Be7 10. Bxf6 Bxf6 11. Nxe4 g6 12. Qd3 Nc6 1/2-1/2

[Event "1st It"]
[Site "Klaksvik FAI"]
[Date "2002.10.14"]
[Round "5"]
[White "Nilssen,J"]
[Black "Blauert,J"]
[Result "1/2-1/2"]
[WhiteElo "2385"]
[BlackElo "2418"]
[EventDate "2002.10.12"]

1. d4 d5 2. c4 e6 3. Nf3 c5 4. cxd5 exd5 5. g3 Nc6 6. Bg2 Nf6 7. O-O Be7 8.
Nc3 O-O 9. Bg5 cxd4 10. Nxd4 Re8 11. Rc1 Bg4 12. h3 Be6 13. Qa4 Nxd4 14.
Qxd4 Qd7 15. h4 h6 16. Bf4 b6 17. Rfd1 Bc5 18. Qa4 Rad8 19. Qxd7 Rxd7 20.
Na4 Bf8 21. Nc3 Bc5 22. Na4 Bf8 23. Nc3 1/2-1/2

[Event "1st It"]
[Site "Klaksvik FAI"]
[Date "2002.10.15"]
[Round "6"]
[White "Blauert,J"]
[Black "Olsen,H"]
[Result "1/2-1/2"]
[WhiteElo "2418"]
[BlackElo "2248"]
[EventDate "2002.10.12"]

1. e4 c6 2. d4 d5 3. exd5 cxd5 4. c4 Nf6 5. Nc3 e6 6. Nf3 Bb4 7. cxd5 Nxd5
8. Qc2 Nc6 9. a3 Be7 10. Bd3 h6 11. O-O O-O 12. Rd1 Bf6 13. Qe2 Bxd4 14.
Nxd4 Nxd4 15. Bh7+ Kxh7 16. Rxd4 Qf6 17. Qd3+ Kg8 18. Nxd5 exd5 19. Rxd5
Be6 20. Rd4 Bf5 21. Qd1 Bc2 22. Qg4 Bf5 23. Qd1 Bc2 1/2-1/2

[Event "1st It"]
[Site "Klaksvik FAI"]
[Date "2002.10.15"]
[Round "6"]
[White "Jakobsen,O"]
[Black "Nilssen,J"]
[Result "1/2-1/2"]
[WhiteElo "2381"]
[BlackElo "2385"]
[EventDate "2002.10.12"]

1. Nf3 Nf6 2. b3 c5 3. Bb2 e6 4. g3 a6 5. Bg2 b5 6. O-O Bb7 7. c4 Be7 8.
Nc3 Qb6 9. e3 O-O 10. Qe2 bxc4 11. bxc4 Qxb2 12. Rab1 Qa3 13. Rxb7 Nc6 14.
Rb3 Qa5 15. Ng5 Qc7 16. Bxc6 Qxc6 17. Rfb1 Ne8 18. Nf3 Nd6 19. e4 f5 20.
Rb6 Qc7 21. e5 Nb5 22. Na4 Nd4 23. Nxd4 cxd4 24. c5 f4 25. Qe4 fxg3 26.
hxg3 Bxc5 27. Rb7 Qa5 28. Nxc5 Qxc5 29. Rxd7 Rad8 30. Rxd8 Rxd8 31. Qd3
Qxe5 32. Qxa6 Qf5 33. Re1 e5 34. Qc4+ Kh8 35. Qe2 Rf8 36. d3 h5 37. Kg2 Kg8
38. Rh1 g6 39. Rh4 1/2-1/2

[Event "1st It"]
[Site "Klaksvik FAI"]
[Date "2002.10.15"]
[Round "6"]
[White "Ahlander,B"]
[Black "Nolsoe,E"]
[Result "0-1"]
[WhiteElo "2393"]
[BlackElo "2236"]
[EventDate "2002.10.12"]

1. d4 Nf6 2. c4 e6 3. Nc3 Bb4 4. e3 O-O 5. Bd3 d5 6. Nf3 c5 7. O-O dxc4 8.
Bxc4 cxd4 9. exd4 b6 10. Bg5 Bb7 11. Ne5 Be7 12. Qb3 Nc6 13. Bxe6 Nxd4 14.
Bxf7+ Kh8 15. Qa4 b5 16. Nxb5 Ne2+ 17. Kh1 Ne4 18. Rad1 Qc8 19. f3 Nxg5 20.
Rd7 Nxf7 21. Rxe7 Nxe5 22. Rxe5 Nf4 23. Nd6 Qc6 24. Qd4 Ng6 25. Rc5 Qd7 26.
Rfc1 Rac8 27. Rd1 Rcd8 28. Rc2 Qe7 29. Rcd2 Rd7 30. h3 h6 31. Qb4 Nf4 32.
Qc5 Ne6 33. Qe5 Qf6 34. Qe3 Re7 35. Re1 Bc6 36. Rc2 Nd4 37. Qxe7 Nxc2 38.
Re6 Qxe7 39. Rxe7 Rf6 40. Nf7+ Kg8 41. Ne5 a5 42. Rc7 Nd4 43. Ra7 Re6 44.
Nxc6 Nxc6 45. Rc7 Kh7 46. Kg1 Kg6 47. Kf2 Kf6 48. a3 g5 49. Rd7 h5 50. g3
Ne5 51. Rd5 Rb6 52. f4 gxf4 53. gxf4 Rxb2+ 0-1

[Event "1st It"]
[Site "Klaksvik FAI"]
[Date "2002.10.15"]
[Round "6"]
[White "Simonsen,H"]
[Black "Pilgaard,K"]
[Result "0-1"]
[WhiteElo "2231"]
[BlackElo "2432"]
[EventDate "2002.10.12"]

1. Nf3 Nf6 2. g3 b6 3. Bg2 Bb7 4. O-O e6 5. b3 Be7 6. Bb2 d5 7. d3 c5 8.
Nbd2 Nc6 9. Ne5 Nxe5 10. Bxe5 O-O 11. Bb2 a5 12. e4 d4 13. a4 Nd7 14. f4 f5
15. Qe2 Kh8 16. Rae1 Bd6 17. Nc4 Bc7 18. Bc1 Nf6 19. h3 fxe4 20. dxe4 Qe8
21. g4 Rd8 22. Qd3 Ba6 23. Bd2 b5 24. axb5 Bxb5 25. Ra1 a4 26. bxa4 Bxa4
27. Rfb1 Bb5 28. Ra7 Bb8 29. Ra5 Bc6 30. Rxc5 Ba8 31. Ra5 Bc7 32. Ra6 Nd7
33. Ra7 Bxf4 34. Bxf4 Rxf4 35. Qxd4 e5 36. Qa1 Rf8 37. Rd1 Bc6 38. Qa6 Nb8
39. Rxd8 Qxd8 40. Qa1 Nd7 41. Kh1 Qh4 42. Nxe5 Bxe4 43. Bxe4 Qxh3+ 44. Kg1
Qg3+ 45. Bg2 Nxe5 46. Ra3 Qf2+ 47. Kh1 Nxg4 48. Rh3 Re8 49. Bf1 Qxc2 50.
Rh5 Qe4+ 51. Kg1 Qe3+ 52. Kg2 Qf2+ 53. Kh1 Qf3+ 54. Kg1 Qg3+ 55. Kh1 Nf2+
0-1

[Event "1st It"]
[Site "Klaksvik FAI"]
[Date "2002.10.15"]
[Round "6"]
[White "Sloth,J"]
[Black "Simonsen,O"]
[Result "1/2-1/2"]
[WhiteElo "2340"]
[BlackElo "2239"]
[EventDate "2002.10.12"]

1. Nf3 d5 2. b3 c5 3. e3 Nc6 4. Bb2 Bg4 5. Bb5 Rc8 6. h3 Bd7 7. O-O e6 8.
c4 Nf6 9. cxd5 exd5 10. d4 Be7 11. dxc5 Bxc5 12. Nc3 Be6 13. Rc1 Bd6 14.
Na4 O-O 15. Qe2 Qe7 16. Rfd1 Rfd8 17. Nd4 Bd7 18. Nxc6 bxc6 19. Ba6 Rb8 20.
Bd4 Ne4 21. Bd3 Qh4 22. f4 Re8 23. Qf3 h5 24. Nc5 Bg4 25. hxg4 Ng3 26. g5
Rb4 27. Kf2 Ne4+ 28. Kg1 Ng3 29. Kf2 Ne4+ 30. Kg1 Ng3 31. Kf2 1/2-1/2

[Event "1st It"]
[Site "Klaksvik FAI"]
[Date "2002.10.15"]
[Round "7"]
[White "Simonsen,O"]
[Black "Simonsen,H"]
[Result "1-0"]
[WhiteElo "2239"]
[BlackElo "2231"]
[EventDate "2002.10.12"]

1. e4 c6 2. Nf3 d5 3. Nc3 Bg4 4. Be2 e6 5. O-O Be7 6. Re1 dxe4 7. Nxe4 Nf6
8. Neg5 Bxf3 9. Bxf3 h6 10. Ne4 Nbd7 11. d4 Qc7 12. Qe2 Rd8 13. c3 O-O 14.
Bd2 Rfe8 15. Rad1 c5 16. Nxc5 Nxc5 17. dxc5 Bxc5 18. Bc1 b6 19. Rxd8 Rxd8
20. g3 Qd7 21. Rd1 Qxd1+ 22. Qxd1 Rxd1+ 23. Bxd1 Ne4 24. Bf3 Ng5 25. Bg2 e5
26. Bd5 Kf8 27. h4 Nh7 28. b4 Bd6 29. Kf1 Ke7 30. Ke2 f5 31. a3 Nf6 32. Bb7
Kd7 33. c4 Ng4 34. Bb2 g5 35. hxg5 hxg5 36. Bc1 f4 37. f3 Ne3 38. Kd3 g4
39. Bxe3 fxe3 40. fxg4 Be7 41. Kxe3 Bg5+ 42. Ke4 Bc1 43. a4 Ba3 44. b5 Ke6
45. Bc8+ Kf6 46. g5+ Kxg5 47. Kxe5 Kg6 48. Ke6 1-0

[Event "1st It"]
[Site "Klaksvik FAI"]
[Date "2002.10.15"]
[Round "7"]
[White "Pilgaard,K"]
[Black "Blauert,J"]
[Result "1/2-1/2"]
[WhiteElo "2432"]
[BlackElo "2418"]
[EventDate "2002.10.12"]

1. e4 e5 2. Nf3 Nf6 3. Nc3 Nc6 4. d4 Bb4 5. Nxe5 Bxc3+ 6. bxc3 Qe7 7. Nxc6
Qxe4+ 8. Qe2 dxc6 9. f3 Qxe2+ 10. Bxe2 Bf5 11. Bd3 Bxd3 12. cxd3 O-O-O 13.
Ba3 Rhe8+ 14. Kd2 Rd5 15. Bb2 Rg5 16. g4 h5 17. h3 Nd5 18. Rae1 Rxe1 19.
Rxe1 Nf4 20. Rh1 f5 21. Bc1 Rg6 22. Kc2 Ne2 23. gxh5 Rg2 24. Kb3 Nxc1+ 25.
Rxc1 Rg3 26. h4 Rxf3 27. Rg1 1/2-1/2

[Event "1st It"]
[Site "Klaksvik FAI"]
[Date "2002.10.15"]
[Round "7"]
[White "Olsen,H"]
[Black "Jakobsen,O"]
[Result "1/2-1/2"]
[WhiteElo "2248"]
[BlackElo "2381"]
[EventDate "2002.10.12"]

1. d4 d6 2. c4 e5 3. dxe5 dxe5 4. Qxd8+ Kxd8 5. Nc3 Be6 6. Nf3 f6 7. e3 Nh6
8. Rg1 Nd7 9. b3 c6 10. Bb2 a5 11. Bd3 Kc7 12. Bc2 Nc5 13. O-O-O Rd8 14.
Rxd8 Kxd8 15. h3 Nf7 16. Ne4 Nxe4 1/2-1/2

[Event "1st It"]
[Site "Klaksvik FAI"]
[Date "2002.10.15"]
[Round "7"]
[White "Nilssen,J"]
[Black "Ahlander,B"]
[Result "0-1"]
[WhiteElo "2385"]
[BlackElo "2393"]
[EventDate "2002.10.12"]

1. d4 g6 2. c4 Bg7 3. e4 d6 4. Nc3 Nc6 5. Nge2 e5 6. Be3 Bd7 7. d5 Nce7 8.
f3 f5 9. exf5 Nxf5 10. Bf2 Nf6 11. g4 Nd4 12. Nxd4 exd4 13. Bxd4 O-O 14. h3
c5 15. Bf2 a6 16. Bd3 b5 17. O-O Rb8 18. Qc2 Nh5 19. Be4 Nf4 20. Kh2 bxc4
21. Rab1 Qg5 22. h4 Qe7 23. Rh1 Be5 24. Kg1 Qf6 25. Nd1 Nd3 26. Be3 Bxg4
27. Qxc4 Bxf3 28. Bxd3 Rb4 29. Bg5 Rxc4 30. Bxf6 Rg4+ 31. Kf2 Rxf6 0-1